Normal view
MARC view
Entry Personal Name
001 - CONTROL NUMBER
- control field: 584187
003 - CONTROL NUMBER IDENTIFIER
- control field: OSt
005 - DATE AND TIME OF LATEST TRANSACTION
- control field: 20221005031712.0
008 - FIXED-LENGTH DATA ELEMENTS
- fixed length control field: 221005|| aca||aabn | a|a d
040 ## - CATALOGING SOURCE
- Original cataloging agency: OSt
- Transcribing agency: OSt
100 ## - HEADING--PERSONAL NAME
- Personal name: M.L.Sabarirajan Tr
670 ## - SOURCE DATA FOUND
- Source citation: Work cat.: (OSt)938310: M.L.Sabarirajan Tr., Mannthiravaathi Muthaliya Rushya Kathaikal, 1949
